00977nam a2200205Ia 4500008004100000020001800041041001200059082001600071100002400087245003700111250001200148260002700160300000800187650003400195942000700229999001900236952017300255952017100428952017200599231217s9999 xx 000 0 und d a81-8318-380-8 aEnglish a659 MIS R aMisra, S KPuri, V K 0aEconomic environment of business a4th ed. c2006bHimalayaaMumbai a721 aEconomic,environment,business cAA c177324d177324 r2024-01-26 00:00:00l0o659 MIS Rp40939v300.00w2024-01-26yAA1040708CL00aMLbMLcCLd2006-02-20eBook Paradiseg375.00EMBAK30248L30/12/1995GRSF1V75W20 r2024-01-26 00:00:00l0o659 MIS;1 Rp41227v300.00w2024-01-26yAA1040708CL00aMLbMLcCLd2006-03-13eMega Booksg375.00EMBAK4613L17/08/1998GRSF1V75W20 r2024-01-26 00:00:00l0o659 MIS;8p41313v260.00w2024-01-26yAA1040708CL00aMLbMLcCLd2006-04-10eBook Paradiseg325.00EMBAK31183L03/02/2005GRSF1V65W20